| 000 | 00558cam a2200169La 4500 | ||
|---|---|---|---|
| 020 | _a0524016909 (microfiche) | ||
| 082 |
_a954.031 _bDAV |
||
| 100 | 1 |
_aDavids, T. W. Rhys _950468 |
|
| 245 | 1 | 0 |
_aBuddhist India _cby T.W. Rhys Davids. _bthe story of the nations |
| 260 |
_aNew York : _bG.P. Putnam, _c1903. |
||
| 300 |
_axv, 332 p., [2] leaves of plates (1 folded) : _bill., map ; _c20 cm. |
||
| 490 | 1 | _aThe Story of the nations | |
| 526 |
_a0 _b0 _c0 _d954_031000000000000_DAV |
||
| 650 | 0 |
_aBuddhism _zIndia. _950469 |
|
| 650 | 0 |
_aMCE _9379 |
|
| 942 |
_2ddc _cBK |
||
| 999 |
_c553203 _d553203 |
||